| 000 | 00336nam a2200109 4500 | ||
|---|---|---|---|
| 999 |
_c14079 _d14079 |
||
| 008 | 190731b ||||| |||| 00| 0 eng d | ||
| 245 | _aGov't not blocking monetary award to martial law victims- Guevarra. | ||
| 260 |
_aPhilippines: _bManila Bulletin; _cc2019. |
||
| 300 | _apage 2. | ||
| 650 | 0 |
_939095 _aMonetary policy. |
|
| 942 |
_2ddc _cPER |
||